<?xml version="1.0" encoding="UTF-8"?>
<record
    xmlns:xsi="http://www.w3.org/2001/XMLSchema-instance"
    xsi:schemaLocation="http://www.loc.gov/MARC21/slim http://www.loc.gov/standards/marcxml/schema/MARC21slim.xsd"
    xmlns="http://www.loc.gov/MARC21/slim">

  <leader>00453cam a22001692a 4500</leader>
  <controlfield tag="001">  000382</controlfield>
  <controlfield tag="003">  AR-FADEU</controlfield>
  <controlfield tag="008">  311216n2008####xxu####################dd</controlfield>
  <datafield tag="245" ind1=" " ind2=" ">
    <subfield code="a">Macmillan english grammar in context : advanced CD-ROM</subfield>
  </datafield>
  <datafield tag="260" ind1=" " ind2=" ">
    <subfield code="b">Macmillan</subfield>
  </datafield>
  <datafield tag="260" ind1=" " ind2=" ">
    <subfield code="a">Copenhagen</subfield>
  </datafield>
  <datafield tag="260" ind1=" " ind2=" ">
    <subfield code="c">2008</subfield>
  </datafield>
  <datafield tag="546" ind1=" " ind2=" ">
    <subfield code="a">ingl&#xE9;s</subfield>
  </datafield>
  <datafield tag="500" ind1=" " ind2=" ">
    <subfield code="a">La Biblioteca posee el libro de texto</subfield>
  </datafield>
  <datafield tag="650" ind1=" " ind2=" ">
    <subfield code="a">INGLES-GRAMATICA; EJERCICIOS DE GRAMATICA</subfield>
  </datafield>
  <datafield tag="942" ind1=" " ind2=" ">
    <subfield code="c">MEDIA</subfield>
  </datafield>
  <datafield tag="999" ind1=" " ind2=" ">
    <subfield code="c">575</subfield>
    <subfield code="d">575</subfield>
  </datafield>
  <datafield tag="952" ind1=" " ind2=" ">
    <subfield code="0">0</subfield>
    <subfield code="1">0</subfield>
    <subfield code="4">0</subfield>
    <subfield code="7">0</subfield>
    <subfield code="a">AR-FADEU</subfield>
    <subfield code="b">AR-FADEU</subfield>
    <subfield code="d">2017-02-06</subfield>
    <subfield code="i">CD394</subfield>
    <subfield code="l">0</subfield>
    <subfield code="p">CD394</subfield>
    <subfield code="r">2017-02-06 00:00:00</subfield>
    <subfield code="w">2017-02-06</subfield>
    <subfield code="y">MEDIA</subfield>
  </datafield>
  <datafield tag="952" ind1=" " ind2=" ">
    <subfield code="0">0</subfield>
    <subfield code="1">0</subfield>
    <subfield code="4">0</subfield>
    <subfield code="7">0</subfield>
    <subfield code="a">AR-FADEU</subfield>
    <subfield code="b">AR-FADEU</subfield>
    <subfield code="d">2017-02-06</subfield>
    <subfield code="i">CD395</subfield>
    <subfield code="l">0</subfield>
    <subfield code="p">CD395</subfield>
    <subfield code="r">2017-02-06 00:00:00</subfield>
    <subfield code="w">2017-02-06</subfield>
    <subfield code="y">MEDIA</subfield>
  </datafield>
</record>
